00669nam a2200205 a 450000100060000000300090000600800410001502000150005604000280007108200100009910000240010924500270013326000410016030000100020159000490021165000290026094200120028999900170030195201450031817737CO-ViMGA141112s2004 ck r 000 u spa d a9802572721 aCO-ViMGAbspacCO-ViMGA04aGAYee1 aGay, Marie - Louise10aEstela hada del bosque aCaracas (Venezuela), cEkare, c2002 a32.p. aForma de adquisición : Premio - Mincultura14aCUENTOS INFANTILES92743 2ddccBK c27213d27213 00102ddc40708008aMEVIECARbMEVIECARd2015-12-04hVolumen. 1 | 11/jun/2009l0oGAYee p17737r2015-12-04 00:00:00tEj. 1w2015-12-04yBK